Personality and social system /

Uložené v:
Podrobná bibliografia
Hlavní autori: Smelser, Neil Joseph 1930- (Author), Smelser, William T. (Author)
Médium: Kniha
Jazyk:English
Vydané: New York : John Willey and Sons, 1965.
Vydanie:1st ed.
ISBN: (viaz.)
Fyzický popis: 660 s.
Tagy: Pridať tag
Žiadne tagy, Buďte prvý kto otaguje tento záznam!

MARC

LEADER 00000nam a22000004a 4500
001 000521237
005 20160913195451.0
008 160913s1965 xxu e 000 0 eng d
020 |a (viaz.)  |z Kčs 270,00 
040 |a SVKKK  |b slo  |c SVKKK  |e AACR2 
041 0 |a eng 
044 |a xxu  |c US 
100 1 |a Smelser, Neil Joseph  |d 1930-  |4 aut 
245 1 0 |a Personality and social system /  |c Neil J. Smelser, William T. Smelser. 
250 |a 1st ed. 
260 |a New York :  |b John Willey and Sons,  |c 1965. 
300 |a 660 s. 
700 1 |a Smelser, William T.  |4 aut 
910 |a svkkk 
998 |a BK 
090 |g SCKHL  |k Sklad Pribinova 1. posch.  |a IV.38675  |j 373693  |i 521237-10  |s Absenčne